000 00557nam a22001577a 4500
003 OSt
005 20130328134356.0
008 130328s2010 sp ||||| |||| 00| 0 cat d
040 _cCDMR
100 1 _9111
_aCamí, Jordi
245 1 0 _aEsclaus del contraban
_b: Ceuta, Melilla
_cde Jordi Camí
260 _aBarcelona
_bCol·legi de Periodistes de Catalunya
_cDL 2010
300 _a32 p.
_bil. b/n
500 _aCatàleg de l'exposició celebrada entre el 24 de novembre de 2010 i el 14 de gener de 2011 al Col·legi de Periodistes de Barcelona
942 _2udc
_cMON
999 _c6031
_d6031